Národní osvobození. Č. 1-34, 1991

Bibliographic Details
Format: Book
Language:Undetermined
Published: Praha Magnet-Press 1991

MARC

LEADER 00000nam a2200000 a 4500
001 vtls001366039
003 SK-MaSNL
005 20260224065129.0
008 990617s1991 xx 0 und
035 |a SNK000319696 
040 |a SNK  |b slo  |c SNK  |e AACR2 
245 1 |a Národní osvobození. Č. 1-34, 1991 
260 |a Praha  |b Magnet-Press  |c 1991 
999 |c 893713  |d 895643 
952 |t P60, <06>, [BOOK], {606}  |a SNK  |b SNK  |y PREZ  |7 0  |p 17A0196732  |o snkČA 225/1991  |0 0  |1 1  |4 0  |d 1999-06-17  |l 0  |r 2005-01-02 00:00:00  |w 2026-02-24